Approach to Practical Pediatrics (Record no. 249273)

MARC details
000 -LEADER
fixed length control field 00344pam a2200133a 44500
008 - FIXED-LENGTH DATA ELEMENTS--GENERAL INFORMATION
fixed length control field 230405s2007 xxu||||| |||| 00| 0 eng d
020 ## - INTERNATIONAL STANDARD BOOK NUMBER
International Standard Book Number 8184480059
Terms of availability Rs.295
082 ## - DEWEY DECIMAL CLASSIFICATION NUMBER
Classification number 610.7362
Item number NAR
100 ## - MAIN ENTRY--PERSONAL NAME
Personal name Narang, Manish
245 ## - TITLE STATEMENT
Title Approach to Practical Pediatrics
260 ## - PUBLICATION, DISTRIBUTION, ETC.
Place of publication, distribution, etc. New Delhi
Name of publisher, distributor, etc. Jaypee Pub
Date of publication, distribution, etc. 2007
300 ## - PHYSICAL DESCRIPTION
Extent 270 p
906 ## - LOCAL DATA ELEMENT F, LDF (RLIN)
a 000522

No items available.